| 000 | 01054nam a2200301 a 4500 | ||
|---|---|---|---|
| 999 |
_c23047 _d23047 |
||
| 001 | vtls001522913 | ||
| 005 | 20220114133456.0 | ||
| 008 | 171201s2004 xo dab f 000 0 cze | ||
| 020 |
_a8096804553 _q(viaz.) |
||
| 040 |
_aSNK _bslo _cSNK |
||
| 041 | 1 |
_acze _hslo |
|
| 044 |
_axo _cSK |
||
| 072 | 7 |
_a27-1/-2 _xKresťanská teológia. Dogmatická teológia _2konspekt |
|
| 080 |
_a27-167.2 _2MDT-MRF |
||
| 080 |
_a27-584 _2MDT-MRF |
||
| 080 |
_a(0.062) _2MDT-MRF |
||
| 100 | 1 |
_aPáleš, Emil, _d1966- _92489 |
|
| 245 | 1 | 0 |
_aAngelologie dějin _n1 _pSynchronicita a periodicita v dějinách _cEmil Páleš ; [překlad ze slovenštiny: Kamila Poláková] |
| 250 | _a[1. vyd.] | ||
| 260 |
_aBratislava _bSophia _c2004 |
||
| 300 |
_a480 s. _bfareb. fotogr., ilustr., grafy., mp. _c30 cm |
||
| 490 | 1 |
_aZáklady duchovní vědy _v2 |
|
| 650 | 0 | 7 |
_aangelológia _2SNKPH _92490 |
| 650 | 0 | 7 |
_aduchovný život _2SNKPH _92491 |
| 650 | 0 | 7 |
_aanjeli _2SNKPH _92492 |
| 655 | 7 |
_apopulárno-náučné publikácie _2SNKPH _91486 |
|
| 700 | 1 |
_aPoláková, Kamila _4trl _92493 |
|